A complete Guide to Antarctic Wildlife: (Record no. 1305)

MARC details
000 -LEADER
fixed length control field 00712nam a22002057a 4500
003 - CONTROL NUMBER IDENTIFIER
control field OSt
005 - DATE AND TIME OF LATEST TRANSACTION
control field 20240624132546.0
008 - FIXED-LENGTH DATA ELEMENTS--GENERAL INFORMATION
fixed length control field 240624b |||||||| |||| 00| 0 eng d
020 ## - INTERNATIONAL STANDARD BOOK NUMBER
International Standard Book Number 9789519894706
040 ## - CATALOGING SOURCE
Original cataloging agency KMU
Language of cataloging eng
Transcribing agency KMU
Modifying agency KMU
Description conventions rda
050 ## - LIBRARY OF CONGRESS CALL NUMBER
Classification number QL696.P73
100 ## - MAIN ENTRY--PERSONAL NAME
Personal name Shirihai, Hadoram
245 ## - TITLE STATEMENT
Title A complete Guide to Antarctic Wildlife:
Remainder of title The Birds and Marine Mammals of the Antarctic Continent and Souther Ocean/
Statement of responsibility, etc. Hadoram Shirihai.
260 ## - PUBLICATION, DISTRIBUTION, ETC.
Place of publication, distribution, etc. Finland:
Name of publisher, distributor, etc. Alula Press,
Date of publication, distribution, etc. 2002.
300 ## - PHYSICAL DESCRIPTION
Extent 510 p.:
Other physical details ill, (chiefly photos);
Dimensions 25cm.
504 ## - BIBLIOGRAPHY, ETC. NOTE
Bibliography, etc. note Includes bibliographic references and an index..
650 ## - SUBJECT ADDED ENTRY--TOPICAL TERM
Topical term or geographic name entry element Animals in the Antarctic
700 ## - ADDED ENTRY--PERSONAL NAME
Personal name Jarrett, Brett (illustrator)
942 ## - ADDED ENTRY ELEMENTS (KOHA)
Source of classification or shelving scheme Library of Congress Classification
Koha item type Non-Fiction
Suppress in OPAC No
Holdings
Withdrawn status Lost status Source of classification or shelving scheme Damaged status Not for loan Collection Home library Current library Shelving location Date acquired Total Checkouts Full call number Barcode Date last seen Price effective from Koha item type Source of acquisition
    Library of Congress Classification     Non-fiction Kapasa Makasa University Kapasa Makasa University Open Access 24.06.2024   QL696.P73 SHI 300747 24.06.2024 24.06.2024 Non-Fiction  
    Library of Congress Classification     Non-fiction Kapasa Makasa University Kapasa Makasa University Open Access 03.07.2024   QL696.P73 SHI 300788 03.07.2024 03.07.2024 Non-Fiction Book Aid International